000
00262nam a2200109Ia 4500
008
200302s9999 xx 000 0 und d
100
_a
Carla Breeze
245
_a
Architecture The New Modern
260
_b
PBC International Inc.,
260
_c
1995
300
_a
187 P.,
999
_c
991
_d
991